Statistics for Most Populous Canadian Provinces From Highest to Lowest

Click here to take the quiz!

General Stats

  • This quiz has been taken 519 times
  • The average score is 12 of 13

Answer Stats

PopulationAnswer% Correct
14,223,945Ontario
100%
8,501,835Quebec
99%
5,000,880British Columbia
98%
4,262,635Alberta
96%
1,342,155Manitoba
91%
1,132,505Saskatchewan
89%
525,972Newfoundland and Labrador
88%
170,688Prince Edward Island
88%
969,380Nova Scotia
87%
43,789Yukon
87%
40,526Nunavut
86%
775,610New Brunswick
82%
45,605Northwest Territories
81%

Score Distribution

Percentile by Number Answered

Percent of People with Each Score

Your Score History

You have not taken this quiz